000 01579cab a2200193 4500
001 L129378
008 050414n2005 000 0 eng u
035 _a(Sirsi) u129378
041 _aeng
245 _aGreat Eastern Hotel Company Ltd v John Laing Construction Ltd and Laing Construction Plc
260 _c2005
520 _a[2005] EWHC 181 (TCC), 24 February 2005. Claimant (G) claimed damages from John Laing Construction Ltd (L) and Laing Construction plc for breaches of the Construction Management Agreement (CMA) between the parties on 30 April 1998. This was for L's alleged misconduct as construction manager of the project which had delayed it by about 44 calendar weeks. L defended itself by alleging that G made misrepresentations when it entered into the CMA and sought damages under the Misrepresentation Act 1967. Case centred upon whether a construction manager was liable for organising trade contractors and could therefore be responsible for losses that occurred when they did not perform properly. The judge condemned L over its performance of the scheme and criticised Tony Caletka, L's expert witness. Ruling in favour of G means that L will have to pay damages of more than £10m, although it may appeal.
590 _aIKA150405
650 _aGREAT EASTERN HOTEL COMPANY LTD V JOHN LAING CONSTRUCTION LTD AND ANOTHER
650 _aMISREPRESENTATION ACT 1967
690 _aBUILT ENVIRONMENT-CONSTRUCTION MANAGEMENT
856 _uhttps://www.bailii.org/ew/cases/EWHC/TCC/2005/181.html
_zView this item free of charge at www.bailii.org
942 _n0
999 _c75093
_d75093